| 000 | 01440cam a22002054a 4500 | ||
|---|---|---|---|
| 005 | 20250605163925.0 | ||
| 008 | 250528s ||||||||||||||||||||||||d | ||
| 035 | _a14531 | ||
| 020 | _a9607019318 | ||
| 040 |
_aGR-AtMCL _bgre _dGR-AtMCL _eAACR2 |
||
| 245 | 1 | _aΗ Δυσλεξία στο Παιδί / Διάγνωση και Θεραπεία | |
| 250 | _a2η | ||
| 260 |
_bΕλληνικά Γράμματα, _c1993 |
||
| 300 | _a112 | ||
| 520 | _aΜε το βιβλίο αυτό επιχειρείται μια νέα προσέγγιση στην εννοία ''δυσλεξία''. Εισαγωγή, Οπτικό Σύστημα, Ορισμός και Ορολογίας της Δυσλεξίας, Τραυματική Γραφοδεκτική Αφασία, Δευτερογενής Αναγνωστική Καθυστέρηση, Εγκεφαλικά Ημισφαίρια και Ανάγνωση - Συλλαβισμός, Νευροψυχολογική Ανάλυση της Δυσλεξίας, Ανατομολειτουργική και Αρχιτεκτονική Οργάνωση του Δυσλεξικού Εγκεφάλου, Ψυχοφυσιολογική Αξιολόγηση της Δυσλεξίας, Νευροψυχολογική Θεραπεία της Δυσλεξίας, Βιβλιογραφία, Περιεχόμενα. | ||
| 700 | 1 |
_aΚαραπέτσας Α _9237 |
|
| 942 | _cBK | ||
| 999 |
_c158 _d158 |
||